000 00915pam a2200253 a 4500
001 3102998
005 20180104070709.0
008 990225s1999 nyua be 001 0 eng
010 _a 99022507
020 _a0028653696 (hardcover : alk. paper)
035 _a(DLC) 99022507
040 _aDLC
_cDLC
_dDLC
041 _aeng
043 _an-us---
080 _a347.7326 WEI
082 0 0 _a347.7326 WEI
_221
100 _a14
101 _aJUR
245 1 4 _aThe Supreme Court :
_cPhilip Weinberg, editor in chief.
504 _aIncludes bibliographical references and indexes.
906 _a7
_bcbc
_corignew
_d1
_eocip
_f19
_gy-gencatlg
942 _2ddc
_cBK
999 _c39715
_d39715